| 000 | 00706cam a22002533a 4500 | ||
|---|---|---|---|
| 001 | 14474 | ||
| 003 | PGUSA | ||
| 005 | 20140828083317.0 | ||
| 008 | 041226s2004||||xxu|||||s|||||000 | eng d | ||
| 040 |
_aPGUSA _beng |
||
| 042 | _adc | ||
| 050 | 4 | _aQD | |
| 100 | 1 |
_aFaraday, Michael, _d1791-1867 |
|
| 245 | 1 | 4 |
_aThe Chemical History of a Candle _h[electronic resource] / _cMichael Faraday |
| 260 |
_bProject Gutenberg, _c2004 |
||
| 506 | _aPublic domain in the USA. | ||
| 516 | _aElectronic text | ||
| 653 | _aChemistry | ||
| 653 | _aCandles | ||
| 700 | 1 |
_aCrookes, William, _cSir, _d1832-1919 |
|
| 830 | 0 |
_aProject Gutenberg _v14474 |
|
| 856 | 4 | 0 | _uhttp://www.gutenberg.org/ebooks/14474 |
| 942 | _cEB | ||
| 999 |
_c243729 _d243729 |
||